000 00359nam a22001577a 4500
005 20260617085007.0
020 _a978-81-991893-1-7
041 _aEnglish
082 _a001 R25 CHO
100 _aCholan Publications
245 _aTNPSC-Economy (Tamil)
260 _aChennai
_bCholan Publications
_c2025
300 _a224
365 _b445.00
942 _cBK
999 _c177897
_d177897